Biogenic trace gases (Record no. 62053)
[ view plain ]
| 000 -LEADER | |
|---|---|
| fixed length control field | 01432nam a2200361Ia 4500 |
| 245 00 - TITLE STATEMENT | |
| Title | Biogenic trace gases |
| 260 ## - PUBLICATION, DISTRIBUTION, ETC. (IMPRINT) | |
| Place of publication | Oxford [England] ; |
| -- | Cambridge, MA, USA : |
| Name of publisher | Blackwell Science, |
| Year of publication | 1995. |
| 300 ## - PHYSICAL DESCRIPTION | |
| Number of Pages | xi, 394 p. : |
| Other physical details | ill. |
| 490 1# - SERIES STATEMENT | |
| Series statement | Methods in ecology |
| 650 #0 - SUBJECT ADDED ENTRY--TOPICAL TERM | |
| Topical Term | Atmospheric chemistry |
| Topical Term | Bioclimatology |
| Topical Term | Biogeochemistry |
| Topical Term | Agricultural ecology |
| 700 1# - ADDED ENTRY--PERSONAL NAME | |
| Personal name | Matson, P. A. |
| Personal name | Harriss, Robert C. |
| 856 40 - ELECTRONIC LOCATION AND ACCESS | |
| Uniform Resource Identifier | http://site.ebrary.com/lib/rucke/Doc?id=10310625 |
No items available.
